Le Gard par images - Statistiques

Statistiques générales
  • Ce quiz a été pris 113 fois
  • Le résultat moyen est 8 sur 18
Statistiques - réponses
Par images Hint Réponse % Correct
Ville Nîmes
100%
Pont Pont du Gard
97%
Région naturelle Camargue
93%
Ville Alès
81%
Chaîne de montagne Cévennes
78%
Cité médiévale Aigues Mortes
58%
Fleuve Rhône
58%
Province Languedoc
48%
Spécialité Brandade
35%
Village Anduze
24%
Comédien Lionel Astier
22%
Rivière Cèze
21%
Cirque Cirque de Navacelles
16%
Plateau Larzac
12%
Montagne Mont Bouquet
12%
Gare Gare Feuchères
8%
Légende Volo Biou
8%
Pont Pont du Saint Esprit
7%
Aucun quiz correspondant
Distribution des résultats
% des personnes avec chaque résultat
Percentile par nombre de réponses
Votre historique - résultats
Vous n’avez pas pris ce quiz